000
00243nam a2200097Ia 4500
008
240331s9999 xx 000 0 und d
082
_b
KUL
100
_a
Kularathne,N
245
0
_a
Thepal karanawata wada hasun path streen liyanne ayi?
942
_c
L
999
_c
5027
_d
5027